LEADER 00861nam0-22002771i-450 001 990001778350403321 005 20191024131622.0 035 $a000177835 035 $aFED01000177835 035 $a(Aleph)000177835FED01 035 $a000177835 100 $a20030910d1992----km-y0itay50------ba 101 0 $aita 200 1 $aLinee guida di una politica sanitaria nel Paese negli anni 2000$esintesi degli interventi, Capri, 24-25 aprile 1992 210 $aMilano$cFondazione Hoechst$d1992 215 $a137 p.$d17 cm 610 0 $aSalute pubblica 676 $a353.007 7 712 02$aFondazione Hoechst 801 0$aIT$bUNINA$gRICA$2UNIMARC 901 $aBK 912 $a990001778350403321 952 $a60 353.007 FONH 1992$b4015$fFAGBC 959 $aFAGBC 996 $aLinee guida di una politica sanitaria nel Paese negli anni 2000$9409535 997 $aUNINA LEADER 03871nam 22007572 450 001 9910779150003321 005 20151005020622.0 010 $a1-139-36618-1 010 $a1-107-23051-9 010 $a1-280-64763-9 010 $a9786613633682 010 $a1-139-37874-0 010 $a1-139-06135-6 010 $a1-139-37588-1 010 $a1-139-37731-0 010 $a1-139-37189-4 010 $a1-139-38017-6 035 $a(CKB)2550000000103441 035 $a(EBL)880750 035 $a(OCoLC)794327750 035 $a(SSID)ssj0000654906 035 $a(PQKBManifestationID)11405745 035 $a(PQKBTitleCode)TC0000654906 035 $a(PQKBWorkID)10673719 035 $a(PQKB)11391629 035 $a(UkCbUP)CR9781139061353 035 $a(MiAaPQ)EBC880750 035 $a(Au-PeEL)EBL880750 035 $a(CaPaEBR)ebr10565080 035 $a(CaONFJC)MIL363368 035 $a(PPN)261285645 035 $a(EXLCZ)992550000000103441 100 $a20110414d2012|||| uy| 0 101 0 $aeng 135 $aur||||||||||| 181 $ctxt$2rdacontent 182 $cc$2rdamedia 183 $acr$2rdacarrier 200 14$aThe city and the coming climate $eclimate change in the places we live /$fBrian Stone, Jr$b[electronic resource] 210 1$aCambridge :$cCambridge University Press,$d2012. 215 $a1 online resource (x, 187 pages) $cdigital, PDF file(s) 300 $aTitle from publisher's bibliographic system (viewed on 05 Oct 2015). 311 $a1-107-60258-0 311 $a1-107-01671-1 320 $aIncludes bibliographical references and index. 327 $aCover; The City and the Coming Climate: Climate Change in the Places We Live; Title; Copyright; Dedication; Contents; Acknowledgments; Prologue: La Canicule; 1: Keeling's Curve; 2: The Climate Barrier; 3: Islands of Heat; 4: The Green Factor; 5: Leveraging Canopy for Carbon; 1. Broaden the definition of climate change adopted by the UN Framework Convention on Climate Change to encompass the land-surface drivers of climate change; 2. Adopt the regional scale as the primary focus of scientific assessments of climate change 327 $a3. Establish forest protection and reforestation commitments for participating nations4. Prioritize adaptive mitigation over nonadaptive mitigation; Postscript; References; PROLOGUE; CHAPTER 1; CHAPTER 2; CHAPTER 3; CHAPTER 4; CHAPTER 5; Index 330 $aThis book is the first to explore the dramatic amplification of global warming underway in cities and the range of actions that individuals and governments can undertake to slow the pace of warming. A core thesis of the book is that the principal strategy currently advocated to mitigate climate change - the reduction of greenhouse gases - will not prove sufficient to measurably slow the rapid pace of warming in urban environments. Brian Stone explains the science of climate change in terms accessible to the non-scientist and with compelling anecdotes drawn from history and current events. The book is an ideal introduction to climate change and cities for students, policy makers and anyone who wishes to gain insight into an issue critical to the future of our cities and the people who live in them. 517 3 $aThe City & the Coming Climate 606 $aClimatic changes$xEconomic aspects 606 $aClimate change mitigation 606 $aUrbanization 606 $aCities and towns 615 0$aClimatic changes$xEconomic aspects. 615 0$aClimate change mitigation. 615 0$aUrbanization. 615 0$aCities and towns. 676 $a363.738/74 686 $aSCI042000$2bisacsh 700 $aStone$b Brian$cJr,$0456994 801 0$bUkCbUP 801 1$bUkCbUP 906 $aBOOK 912 $a9910779150003321 996 $aThe city and the coming climate$93704425 997 $aUNINA LEADER 02880oam 2200517I 450 001 9910153195103321 005 20240501164502.0 010 $a1-315-51733-7 010 $a1-315-51731-0 010 $a1-315-51732-9 024 7 $a10.4324/9781315517339 035 $a(CKB)3710000000960712 035 $a(MiAaPQ)EBC4748663 035 $a(OCoLC)964527914 035 $a(EXLCZ)993710000000960712 100 $a20180706d2017 uy 0 101 0 $aeng 135 $aurcnu|||||||| 181 $2rdacontent 182 $2rdamedia 183 $2rdacarrier 200 10$aActing, spectating, and the unconscious $ea psychoanalytic perspective on unconscious processes of identification in the theatre /$fMaria Grazia Turri 205 $a1st ed. 210 1$aNew York :$cRoutledge,$d2017. 215 $a1 online resource (145 pages) 225 1 $aRoutledge Advances in Theatre & Performance Studies 311 08$a1-138-69924-1 320 $aIncludes bibliographical references at the end of each chapters and index. 327 $a1. Theorizing theatre spectatorship -- 2. Transference and katharsis, Freud to Aristotle -- 3. The Paradoxe inside out -- 4. The emotionalist theory of acting -- 5. Unconscious emotional processing in alpha-function -- 6. Acting and spectating in alpha-function. 330 $aFrom Aristotle's theory of tragic katharsis onwards, theorists of the theatre have long engaged with the question of what spectatorship entails. This question has, directly or indirectly, often been extended to the investigation of acting. Acting, Spectating, and the Unconscious approaches the unconscious aspects of spectatorship and acting afresh. Interweaving psychoanalytic descriptions of processes such as transference, unconscious phantasy, and alpha-function with an in-depth survey of theories of spectating and acting from Aristotle and Brecht to Diderot's Paradox of Acting and the emotionalist theories of the eighteenth century, Maria Grazia Turri offers a significant insight into the emotions inherent in both the art of the actor, and the spectator's experience. A compelling investigation of the unconscious communication between spectators and actors, this volume is a must-read for students and scholars fascinated by theatre spectatorship. 410 0$aRoutledge advances in theatre and performance studies. 606 $aTheater audiences$xPsychology 606 $aActing$xPsychological aspects 606 $aTheater and society 615 0$aTheater audiences$xPsychology. 615 0$aActing$xPsychological aspects. 615 0$aTheater and society. 676 $a792.01 700 $aTurri$b Maria Grazia.$0612968 801 0$bMiAaPQ 801 1$bMiAaPQ 801 2$bMiAaPQ 906 $aBOOK 912 $a9910153195103321 996 $aActing, spectating, and the unconscious$91979892 997 $aUNINA